000 00605nam a2200229Ia 4500
003 OSt
005 20221006164511.0
006 a|||||r|||| 00| 0
007 ta
008 221006b |||||||| |||| 00| 0 eng d
024 _a1,561
037 _cTextual
040 _aFML
_cFML
_beng
041 _2eng
_aeng
082 _aR3xC67x, H1
100 _aMcKeon Richard Au.
_9677647
245 0 _aBasic Works of Aristottle
260 _aNew York
_bRandom House
_c1941
300 _a39, 1487
_ccm.
942 _hR3xC67x, H1
_cTEXL
_2CC
999 _c1117481
_d1117481